| Tag |
First Indicator |
Second Indicator |
Subfields |
| LEADER |
00000cam a2200000 4500 |
| 001 |
in00001136868 |
| 005 |
20150930084515.0 |
| 008 |
740311s1930 maua b 000 0beng |
| 010 |
|
|
|a 30013850
|
| 035 |
|
|
|a (OCoLC)00825806
|
| 035 |
|
|
|9 AFX7345AM
|
| 040 |
|
|
|a DLC
|c KSU
|d m.c.
|d OCL
|d UtOrBLW
|
| 049 |
|
|
|a TXAM
|
| 050 |
0 |
0 |
|a F82
|b .W737
|
| 090 |
|
|
|a F82
|b .W737 1930
|
| 100 |
1 |
|
|a Easton, Emily,
|c Mrs.
|
| 245 |
1 |
0 |
|a Roger Williams :
|b prophet and pioneer /
|c by Emily Easton.
|
| 264 |
|
1 |
|a Boston :
|b Houghton, Mifflin Company,
|c 1930.
|
| 300 |
|
|
|a ix, 399 pages :
|b illustrations ;
|c 23 cm.
|
| 336 |
|
|
|a text
|b txt
|2 rdacontent
|
| 337 |
|
|
|a unmediated
|b n
|2 rdamedia
|
| 338 |
|
|
|a volume
|b nc
|2 rdacarrier
|
| 504 |
|
|
|a "List of sources": pages [379]-380.
|
| 500 |
|
|
|a Includes index.
|
| 500 |
|
|
|a Map on lining papers.
|
| 536 |
|
|
|a From the Library of Harrison T. Meserole 2002.
|
| 600 |
1 |
0 |
|a Williams, Roger,
|d 1604?-1683.
|
| 999 |
|
|
|a MARS
|
| 999 |
f |
f |
|s 5a154de3-028f-3b17-b1dc-07635fa514a6
|i 158a5386-639d-3f0a-b91a-44ce9fd774f6
|t 0
|
| 952 |
f |
f |
|p ric
|a Texas A&M University
|b Rellis Campus
|c Joint Library Facility
|d Remote Storage
|t 0
|e F82 .W737 1930
|h Library of Congress classification
|i unmediated -- volume
|m A14829991827
|
| 998 |
f |
f |
|a F82 .W737 1930
|t 0
|l Remote Storage
|